Statystyki dla Państwa wysunięte najbardziej na południe A-Z

Kliknij tutaj aby rozwiązać quiz!

Ogólne statystyki

  • Ten quiz został rozwiązany 6 294 razy
    (4 206 od ostatniego zresetowania)
  • Średni wynik to 14 z 23

Statystyki odpowiedzi

LiteraKraj% Poprawnych
AArgentyna
98%
CChile
92%
BBrazylia
81%
NNowa Zelandia
77%
OOman
76%
UUrugwaj
73%
ZZimbabwe
72%
VVanuatu
71%
ŁŁotwa
69%
IIndonezja
68%
EEswatini
64%
LLesotho
62%
PParagwaj
61%
FFidżi
59%
JJemen
56%
MMozambik
50%
DDem. Rep. Konga
49%
HHonduras
47%
TTonga
45%
SSamoa
42%
WWyspy Salomona
40%
GGabon
34%
KKomory
27%

Rozkład punktacji

Percentyl według liczby udzielonych odpowiedzi

Procent ludzi z każdym wynikiem

Twoja historia wyników

Nie rozwiązałeś tego quizu od ostatniego zresetowania